000 00197nam a22000857a 4500
001 1235036
005 20250929154406.0
245 _aPERİLİ KÖŞK
_cÖMER SEYFETTİN
260 _bALTIN KİTAP YAYINLARI
999 _c1235036
_d1235036